|
|
|
|
| LEADER |
01184nam a2200277 a 4500 |
| 001 |
20001 |
| 003 |
BD-DhAAL |
| 005 |
20230607103403.0 |
| 008 |
100415s2006 bg 000 0 ben d |
| 020 |
|
|
|a 8190282360
|
| 040 |
|
|
|a DB-DhAAL
|c DB-DhAAL
|
| 041 |
|
|
|a ben
|
| 082 |
0 |
4 |
|a 305.42095414
|2 22
|
| 100 |
0 |
|
|a রহমান, আকিমুন.
|9 54481
|
| 245 |
1 |
0 |
|a বিবি থেকে বেগম :
|b বাঙ্গালি মুসলমান নারীর ক্রমবিবর্তনের ইতিহাস /
|c আকিমুন রহমান
|
| 246 |
|
|
|a Bibi theke begum :
|b an account on the evolution of the Bengali muslim woman /
|
| 260 |
|
|
|a ঢাকা :
|b গাঙ্গচিল,
|c ২০০৬.
|
| 300 |
|
|
|a ১৩৬ পৃষ্ঠা ;
|c ২২ সে.মি.
|
| 526 |
|
|
|a BDI
|
| 541 |
1 |
|
|e 00020001
|
| 650 |
|
0 |
|a Women, Bengali
|x History.
|9 54482
|
| 650 |
|
0 |
|a Women in literature.
|
| 852 |
4 |
|
|a Ayesha Abed Library
|j General Stacks.
|
| 942 |
|
|
|2 ddc
|c BK
|
| 999 |
|
|
|c 8142
|d 8142
|
| 952 |
|
|
|0 0
|1 0
|2 ddc
|4 0
|6 305_420954140000000_RAH_2006
|7 0
|9 9296
|a BIGD
|b BIGD
|c GEN
|d 2010-04-19
|e BDI
|g 255.00
|l 0
|o 305.42095414 RAH
|p 3050020001
|r 2010-04-19
|t 1
|w 2010-04-19
|y BK
|